|
|
|
|
| LEADER |
00000nam a2200000Ii 4500 |
| 001 |
DIGUNCK0006 |
| 003 |
NyNyDIG |
| 006 |
m o d |
| 007 |
cr ||||||||||| |
| 008 |
220413s2011 ck a ob 001 0 spa d |
| 035 |
|
|
|a (OCoLC)1285166296
|
| 040 |
|
|
|a DGITA
|b eng
|e rda
|e pn
|c DGITA
|
| 020 |
|
|
|z 9789587197358
|
| 043 |
|
|
|a s-ck---
|
| 050 |
1 |
4 |
|a QC903.2.C7 ebook
|
| 082 |
0 |
4 |
|a 304.2509861
|
| 245 |
0 |
0 |
|a Perspectivas culturales del clima /
|c Astrid Ulloa, editora.
|
| 264 |
|
1 |
|a Bogotá D.C. :
|b Universidad Nacional de Colombia :
|b ILSA, Instituto Latinoamericano para una Sociedad y un Derecho Alternativos,
|c [2011]
|
| 300 |
|
|
|a 1 online resource :
|b illustrations.
|
| 336 |
|
|
|a text
|2 rdacontent
|
| 337 |
|
|
|a computer
|b c
|2 rdamedia
|
| 338 |
|
|
|a online resource
|b cr
|2 rdacarrier
|
| 347 |
|
|
|a text file
|2 rdaft
|
| 347 |
|
|
|b PDF
|
| 490 |
1 |
|
|a Biblioteca abierta ;
|v 395.
|a Colección general. Perspectivas ambientales
|
| 500 |
|
|
|a "Departamento de Geografía, Facultad de Ciencias Humanas, Sede Bogotá, Universidad Nacional de Colombia."
|
| 504 |
|
|
|a Includes bibliographical references and index.
|
| 588 |
0 |
|
|a Online resource; title from PDF title page (Digitalia, viewed April 13, 2022)
|
| 650 |
|
0 |
|a Climatic changes
|x Social aspects
|z Colombia.
|
| 650 |
|
0 |
|a Climatology
|x Social aspects.
|
| 651 |
|
0 |
|a Colombia
|x Climate
|x Social aspects.
|
| 655 |
|
0 |
|a Electronic books.
|
| 700 |
1 |
|
|a Ulloa, Astrid,
|e editor.
|
| 776 |
0 |
8 |
|i Print version:
|t Perspectivas culturales del clima.
|d Bogotá D.C. : Universidad Nacional de Colombia : ILSA, Instituto Latinoamericano para una Sociedad y un Derecho Alternativos, [2011]
|z 9789587197358
|
| 791 |
2 |
|
|a Digitalia (Firm),
|e distributor.
|
| 793 |
0 |
|
|g Digitalia eBook Collection:
|a Universidad Nacional de Colombia
|
| 830 |
|
0 |
|a Biblioteca abierta ;
|v 395.
|
| 830 |
|
0 |
|a Biblioteca abierta.
|p Colección general.
|p Perspectivas ambientales.
|
| 856 |
4 |
0 |
|3 Digitalia Hispánica
|u https://www.digitaliapublishing.com/a/62106/
|
| 910 |
|
|
|a Premium Collection: 2022
|